Text and quality : studies of educational texts

Αποθηκεύτηκε σε:
Λεπτομέρειες βιβλιογραφικής εγγραφής
Άλλοι συγγραφείς: Skyum-Nielsen, Peder 1948- (Επιμελητής έκδοσης)
Μορφή: Βιβλίο
Γλώσσα:English
Δημοσίευση: Oslo ; : Boston : Scandinavian University Press, 1995
Θέματα:
Ετικέτες: Προσθήκη ετικέτας
Δεν υπάρχουν, Καταχωρήστε ετικέτα πρώτοι!

MARC

LEADER 00000nam a2200000 i 4500
001 1/95539
008 991207s1995 eng d
020 |a 82-00-22453-8 
035 |l 10055359 
040 |a GR-MY-UA  |b gre  |e aacr 
041 0 |a eng 
082 0 |a 371.32 
245 1 0 |a Text and quality :  |b studies of educational texts /  |c edited by Peder Skyum-Nielsen 
260 |a Oslo ; :   |a Boston :   |b Scandinavian University Press,   |c 1995 
300 |a 187 p.  |b ill. 
650 0 0 |a Textbooks. 
700 1 |a Skyum-Nielsen, Peder  |d 1948-  |4 edt 
852 |a INST  |b RHODES  |e 19991207  |h 371.32 SKY  |p 005400016326  |q 005400016326  |t BK  |y 0 
901 |a BIBL4-1999-3 
909 |a Ρ  |b 069993 
922 |a 4ΕΛΗ  |b 199909  |c ΚΠΣ/154  |d GLORY BOOKS 
970 |a ΧΟΡΟΖΙΔΟΥ  |b ΤΖΕΝΗ  |z 1999/12/07